FACILITIES planning

Guardado en:
Detalles Bibliográficos
Autor principal: edited by TOMPKINS, James A.…[et al.]
Formato: Libro
Lenguaje:inglés
Publicado: John Wiley & Sons 2010
Etiquetas: Agregar Etiqueta
Sin Etiquetas, Sea el primero en etiquetar este registro!

MARC

LEADER 00000nam a22000007a 4500
008 210406b ||||| |||| 00| 0 eng d
020 |a 978-0-470-4404-7 
100 |a edited by TOMPKINS, James A.…[et al.]  
245 |a FACILITIES planning  |c edited by James A. Tompkins…[et al.]   |g x, 854p.; ill. 
250 |b 4th ed.   |c edited by James A. Tompkins…[et al.]  
260 |b John Wiley & Sons  |c 2010  |h New York  |i 691623  |l JS177 .F11  |m Factories – Design and construction.  |m Facility management. 
500 |a “It includes references and index” 
942 |a lcc  |c BK  |e YUNUSA, A.A.  |f 6/4/21 
952 |0 0  |1 0  |2 lcc  |4 0  |6 JS0177 F11  |7 0  |9 2008  |a HOL  |b HOL  |c GJ  |d 2021-04-06  |l 0  |o JS177 .F11  |p 2021-5868  |r 2021-04-06 00:00:00  |w 2021-04-06  |y BK 
999 |c 1051  |d 1051